000 00676nam a22002171c 4500
001 a987689541
008 180525s1977 gw |||| 000u ger d
041 _ager
100 1 _aBald, Detlef
245 0 4 _aDer deutsche Generalstab 1859 - 1939 :
_bReform und Restauration in Ausbildung und Bildung /
_cDetlef Bald
264 _aMünchen :
_bSozialwiss. Inst. der Bundeswehr,
_c1977
300 _a160 S. : graph. Darst
650 0 _aGeneralstab
650 0 _aGeneralstabsdienst
650 0 _aMilitär
651 0 _aDeutschland
942 _cMG
040 _cRU-10907106
003 RU-10907106
999 _c39184
_d39184
490 0 _aSchriftenreihe innere Führung : Reihe Ausbildung und Bildung
_v28